000
00489nam a2200169Ia 4500
008
110201s9999 xx 000 0 und d
082
_b
B3875
_a
K 1641
100
_a
नाईक गुरुनाथ
245
_a
सुंदरी
260
_b
पुजा प्रकाशन
365
_b
10
600
_a
नाईक गुरुनाथ
630
_a
सुंदरी
700
_a
नाईक गुरुनाथ
730
_a
सुंदरी
942
_c
BOOK
999
_c
830417
_d
830414